2021 SAR in Big Data Era (BIGSARDATA)

Detalles Bibliográficos
Formato: Electrónico Libro
Lenguaje:English
Publicado: IEEE
Materias:
Acceso en línea:Full text available on IEEE [2017-2023]
Off-campus access
Classic Catalogue: View this record in Classic Catalogue
LEADER 01072cam a2200217 a 4500
001 AALConferenceProceedingsIEEE008906
008 231005c9999 xx r poo 0 0eng d
020 |a 978-1-6654-0123-4 
020 |a 978-1-6654-0124-1 
040 |a BD-DhAAL  |c BD-DhAAL 
245 0 0 |h [electronic resource]  |a 2021 SAR in Big Data Era (BIGSARDATA) 
260 |b IEEE 
300 |a 1 online resource 
500 |a <strong>Off-Campus Access:</strong> Athens ID and Password Required 
500 |a <strong>On-Campus Access:</strong> No User ID or Password Required 
506 |a Electronic access restricted to authorized BRAC University faculty, staff and students 
538 |a Mode of access: Internet 
650 4 |a Computing and Processing; Geoscience 
655 7 |a Conference papers and proceedings.  |2 Library of Congress 
856 4 0 |z Full text available on IEEE [2017-2023]  |u https://ieeexplore.ieee.org/servlet/opac?punumber=9574102 
856 4 0 |z Off-campus access  |u https://go.openathens.net/redirector/bracu.ac.bd?url=https%3A%2F%2Fieeexplore.ieee.org%2Fservlet%2Fopac%3Fpunumber%3D9574102